000 00394nam a2200145 a 4500
005 20210219152741.0
008 991125n d. 000 0 spa u
035 _aUPN01000059859
245 0 0 _aCUADERNOS SEP
260 _aMéxico, D. F. :
_bSecretaría de Educación Pública
653 _aPROGRAMAS DE EDUCACION A MAESTROS
904 _aAC
_b000591
905 _aRevista
999 _c59745
_d59745